| 000 | 00000nam##2200000za#4500 |
| 001 | 9.599178 |
| 003 | CaOODSP |
| 005 | 20210624204934 |
| 007 | cr ||||||||||| |
| 008 | 150406|2000||||xxc|||||o f|0| 0 fre|d |
| 040 | |aCaOODSP|bfre |
| 043 | |an-cn--- |
| 086 | 1 |aBT31-2/2001-III-69F-PDF |
| 110 | 1 |aCanada. |bConseil du trésor. |
| 245 | 10|aOffice des transports du Canada, budget des dépenses 2000-2001, partie III, rapport sur les plans et les priorités |h[ressource électronique] |
| 260 | |aOttawa - Ontario : |bSecrétariat du Conseil du Trésor du Canada |cc2000. |
| 300 | |a27p.|borganigramme, tableaux, index |
| 490 | 1 |aBudget des dépenses 2000-2001. Partie III, Rapport sur les plans et les priorités |v2000-2001 |
| 500 | |aLe n° de catalogue (BT31-2/2001-III-69) et l’ISBN (0-660-61194-5) de l’édition imprimée bilingue ont été incorrectement copiés dans cette édition électronique. |
| 590 | |a10-13-Supp|b2010-11-23 |
| 775 | 08|tCanadian Transportation Agency, 2000-2001 estimates, part III, report on plans and priorities |w(CaOODSP)9.567860 |
| 776 | 0#|tOffice des transports du Canada |w(CaOODSP)9.533231 |
| 776 | 0#|tCanadian Transportation Agency |w(CaOODSP)9.533230 |
| 830 | #0|aBudget des dépenses 2000-2001. Partie III, Rapport sur les plans et les priorités ;|v2000-2001|w(CaOODSP)9.502562 |
| 856 | 40|ahttp://publications.gc.ca|qPDF|s135 Ko|uhttps://publications.gc.ca/collections/Collection/BT31-2-2001-III-69F.pdf|y2000-2001 |